The Quran: the book free of doubt (Record no. 11231)
[ view plain ]
| 000 -LEADER | |
|---|---|
| fixed length control field | 00602 a2200157 4500 |
| 020 ## - INTERNATIONAL STANDARD BOOK NUMBER | |
| International Standard Book Number | 97896993390208 |
| 082 ## - DEWEY DECIMAL CLASSIFICATION NUMBER | |
| Classification number | 297.122 |
| 090 ## - LOCALLY ASSIGNED LC-TYPE CALL NUMBER (OCLC); LOCAL CALL NUMBER (RLIN) | |
| -- | 7428 |
| -- | 7428 |
| 100 ## - MAIN ENTRY--PERSONAL NAME | |
| Personal name | Munir, Wasti Syed |
| 245 ## - TITLE STATEMENT | |
| Title | The Quran: the book free of doubt |
| Remainder of title | exploratory essays into Ijaz al-Quran and othe topics |
| Statement of responsibility, etc. | Munir, Wasti Syed |
| 260 ## - PUBLICATION, DISTRIBUTION, ETC. | |
| Place of publication, distribution, etc. | Gujrat (Pakistan) |
| Name of publisher, distributor, etc. | University of Gujrat Press |
| Date of publication, distribution, etc. | 2009 |
| 300 ## - PHYSICAL DESCRIPTION | |
| Extent | 271 p. ; |
| Other physical details | ill. ; |
| Dimensions | 24 cm. |
| 500 ## - GENERAL NOTE | |
| General note | Includes bibliographical references and index. |
| 650 ## - SUBJECT ADDED ENTRY--TOPICAL TERM | |
| Topical term or geographic name entry element | 1. Koran--Evidences, authority etc. 2. Koran--Language, style. 3. Koran--Appreciation. |
| 942 ## - ADDED ENTRY ELEMENTS (KOHA) | |
| Koha item type | Book |
| Call number prefix | 297.122 MUN |
| Withdrawn status | Lost status | Damaged status | Not for loan | Permanent Location | Current Location | Date acquired | Total Checkouts | Full call number | Barcode | Date last seen | Date last checked out | Price effective from | Koha item type |
|---|---|---|---|---|---|---|---|---|---|---|---|---|---|
| Central Library (CL) | Central Library (CL) | 10/31/2021 | 3 | 297.122 MUN | SEECSD00704 | 09/09/2024 | 01/12/2024 | 11/14/2012 | Book |
